| 000 | 00807nmm a2200265 a 4500 | ||
|---|---|---|---|
| 003 | AR-BaBNM | ||
| 005 | 20251128211305.0 | ||
| 008 | 063120s1996 ||||||||||||||000 | spa|| | ||
| 020 | _a987-9168-9-5 | ||
| 040 | _cAR-BaBNM | ||
| 245 | 1 | 0 |
_aProyectos en marcha _bcomo trabajar con la ley y no morir en el intento : 3er. ciclo _nv. 2 |
| 260 |
_aBuenos Aires _bEdiciones Docentes Argentinas _c1996 _bSur |
||
| 300 | _bil. | ||
| 650 | 4 | _aACTIVIDADES DE APRENDIZAJE | |
| 650 | 4 | _aTECNICAS DIDACTICAS | |
| 650 | 4 | _aENFOQUE INTERDISCIPLINARIO | |
| 653 | _aPROYECTOS DE AULA | ||
| 653 | _aCONTENIDOS BASICOS COMUNES | ||
| 653 | _aTEMAS TRANSVERSALES | ||
| 653 | _aESTRATEGIAS EDUCATIVAS | ||
| 653 | _aTERCER CICLO DE LA EGB | ||
| 700 | 1 |
_aAguilar, Marcela _edirector |
|
| 942 | _cBK | ||
| 998 | _craquel | ||
| 999 |
_c19020 _d19020 |
||